LEADER 00986nam0-22003131i-450- 001 990002537980403321 010 $a0412376903 035 $a000253798 035 $aFED01000253798 035 $a(Aleph)000253798FED01 035 $a000253798 100 $a20000920d1991----km-y0itay50------ba 101 0 $aENG 200 1 $aTools of Total Quality$eAn Introduction to Statistical Process Control$fPatrick Lyonnet. - Translation by Jack Howlett. 210 $aLondon$cChapman & Hall$d1991. 215 $aVI, 184 p.$d23 cm 300 $aTitolo originale : "Les Outils de la Qualité Totale" 610 0 $aStatistica aziendale, Controllo di qualità e affidabilità 676 $a658 700 1$aLyonnet,$bPatrick$0103531 702 1$aHowlett,$bJack$f<1912- > 801 0$aIT$bUNINA$gRICA$2UNIMARC 901 $aBK 912 $a990002537980403321 952 $aXVII-C-34$b2500$fMAS 959 $aMAS 996 $aTools of Total Quality$9437981 997 $aUNINA DB $aING01 LEADER 00887nam0-22003251i-450 001 990001640200403321 005 20200305125648.0 035 $a000164020 035 $aFED01000164020 035 $a(Aleph)000164020FED01 035 $a000164020 100 $a20030910d1981----km-y0itay50------ba 101 1 $aita$ceng 102 $aIT 105 $aa---p---001yy 200 1 $a<>conservazione dell'avifauna in Europa$fStanley Cramp 210 $aBologna$cEdagricole$d1981 215 $aX, 97 p.$d21 cm 610 0 $aFauna protetta 610 0 $aAvifauna 676 $a639.95 676 $a598.094$v23$zita 700 1$aCramp,$bStanley$070351 801 0$aIT$bUNINA$gRICA$2UNIMARC 901 $aBK 912 $a990001640200403321 952 $a60 598.094 CRAS 1981$b47929$fFAGBC 959 $aFAGBC 996 $aConservazione dell'avifauna in Europa$9367889 997 $aUNINA